<?xml version="1.0" encoding="UTF-8"?>
<marc:record xmlns:marc="http://www.loc.gov/MARC21/slim">
   <marc:leader>00000nam a2200000 a 4500</marc:leader>
   <marc:datafield ind1="1" ind2=" " tag="100">
      <marc:subfield code="a">Leech, Tony</marc:subfield>
   </marc:datafield>
   <marc:datafield ind1="1" ind2=" " tag="100">
      <marc:subfield code="a">Edwards, Todd</marc:subfield>
   </marc:datafield>
   <marc:datafield ind1="0" ind2="0" tag="245">
      <marc:subfield code="a">Das Rotkäppchen Vermächtnis</marc:subfield>
   </marc:datafield>
   <marc:datafield ind1="0" ind2="0" tag="245">
      <marc:subfield code="b">Die Rotkäppchen-Verschwörung Das Rotkäppchen-Ultimatum</marc:subfield>
   </marc:datafield>
   <marc:datafield ind1=" " ind2="1" tag="264">
      <marc:subfield code="b">The Western Company</marc:subfield>
      <marc:subfield code="c">2012</marc:subfield>
   </marc:datafield>
   <marc:datafield ind1="1" ind2=" " tag="520">
      <marc:subfield code="a">Sie dachten, Sie kennen die Geschichte von Rotkäppchen? Sie haben ja keine Ahnung! Dieses kleine Mädchen mit Unschuldsmine hat es faustdick hinter den Ohren. Mit Hilfe ihrer Freunde kann sie bösen Bonbon-Banditen das Handwerk legen und trainiert im Märchenwald fleißig an ihren Nahkampftechniken. Denn nach dem Ermittlungsverfahren um ihre Großmutter wartet schon der nächste spannende Fall auf sie: Die Geschwister Hänsel und Gretel sind spurlos verschwunden ...</marc:subfield>
   </marc:datafield>
   <marc:datafield ind1=" " ind2=" " tag="020">
      <marc:subfield code="a">9786680054649</marc:subfield>
      <marc:subfield code="9">9786680054649</marc:subfield>
   </marc:datafield>
   <marc:datafield ind1=" " ind2=" " tag="020">
      <marc:subfield code="a">6680054648</marc:subfield>
      <marc:subfield code="9">6680054648</marc:subfield>
   </marc:datafield>
   <marc:datafield ind1=" " ind2=" " tag="041">
      <marc:subfield code="a">ger</marc:subfield>
   </marc:datafield>
   <marc:datafield ind1=" " ind2=" " tag="500">
      <marc:subfield code="a">Deutsch für Hörgeschädigte</marc:subfield>
   </marc:datafield>
   <marc:datafield ind1="0" ind2=" " tag="490">
      <marc:subfield code="v">0</marc:subfield>
   </marc:datafield>
   <marc:datafield ind1=" " ind2=" " tag="338">
      <marc:subfield code="a">Videodisk</marc:subfield>
   </marc:datafield>
   <marc:datafield ind1=" " ind2=" " tag="300">
      <marc:subfield code="a">2 DVD</marc:subfield>
   </marc:datafield>
</marc:record>
